[Event "9. Lichtenberger Sommer"]
[Site "Berlin"]
[Date "2010.08.09"]
[Round "3.50"]
[White "Strehlow, Horst"]
[Black "Casny, Guenter"]
[Result "0-1"]
[WhiteElo "2101"]
[BlackElo "1889"]
[PlyCount "71"]
[EventDate "2010.??.??"]
[WhiteTeam "SC Friesen Lichtenberg e.V."]
[BlackTeam "SC Rochade e.V."]

1. c4 c5 2. Nc3 Nc6 3. Nf3 Nf6 4. d4 cxd4 5. Nxd4 g6 6. e4 d6 7. Nc2 Bg7 8. Be2
O-O 9. O-O a6 10. Qd2 Bd7 11. b3 Qa5 12. f3 Ng4 13. Bb2 Qc5+ 14. Kh1 Nf2+ 15.
Rxf2 Qxf2 16. Rf1 Qh4 17. g3 Qh6 18. f4 Bh3 19. Rf2 Rad8 20. Qe3 Bc8 21. Bf3 e5
22. Bg2 exf4 23. gxf4 f5 24. Qd2 Bf6 25. exf5 Bxf5 26. Bd5+ Kh8 27. Ne3 Bc8 28.
Ne4 Bxb2 29. Qxb2+ Qg7 30. Qxg7+ Kxg7 31. Kg2 Nb4 32. a3 Nd3 33. Rd2 Nxf4+ 34.
Kg3 Nh5+ 35. Kg2 Rde8 36. Rd4 0-1

[Event "9. Lichtenberger Sommer"]
[Site "Berlin"]
[Date "2010.08.09"]
[Round "3.51"]
[White "Müller, Peter"]
[Black "Roth, Joachim"]
[Result "1-0"]
[WhiteElo "2013"]
[BlackElo "1895"]
[PlyCount "111"]
[EventDate "2010.??.??"]
[WhiteTeam "SV Berolina Mitte e.V."]
[BlackTeam "SG Bund"]

1. e4 e6 2. d4 c5 3. c3 b6 4. Nf3 Bb7 5. Bd3 d6 6. O-O Ne7 7. Bg5 f6 8. Bh4 Ng6
9. Bg3 Nd7 10. Qb3 e5 11. dxe5 Ngxe5 12. Nxe5 dxe5 13. Bb5 Qe7 14. Rd1 O-O-O
15. Nd2 Nb8 16. a4 Nc6 17. Nc4 Kb8 18. Re1 Qc7 19. a5 Be7 20. axb6 axb6 21.
Bxc6 Qxc6 22. Nxb6 Bd6 23. c4 Bc7 24. Nd5 Rd7 25. Ra3 Kc8 26. Rea1 Kd8 27. Ra7
Bd6 28. f3 Ke8 29. Bf2 Kf7 30. Nb6 Re7 31. R7a5 Rd8 32. Rb5 Bc8 33. Qa3 Rc7 34.
Qa8 Re8 35. Qxc6 Rxc6 36. Ra7+ Re7 37. Nxc8 Rxc8 38. Ra6 Rd7 39. Kf1 Be7 40.
Ke2 h5 41. Ra3 Rcd8 42. Be3 Rc8 43. Rd3 Rdc7 44. Rd5 Ke6 45. Kd3 Kf7 46. b4
cxb4 47. c5 Ra8 48. Kc4 Ra2 49. Rd2 Rxd2 50. Bxd2 b3 51. Be3 Ke6 52. Rxb3 Kd7
53. Kd5 g5 54. Rb6 Bd8 55. c6+ Ke7 56. Rb7 1-0

[Event "9. Lichtenberger Sommer"]
[Site "Berlin"]
[Date "2010.08.09"]
[Round "3.52"]
[White "Herrmann, Eberhard"]
[Black "Solhdjou, Mohammed"]
[Result "1-0"]
[WhiteElo "1818"]
[BlackElo "1961"]
[PlyCount "77"]
[EventDate "2010.??.??"]
[WhiteTeam "SC Friesen Lichtenberg e.V."]
[BlackTeam "vereinslos"]

1. e4 c5 2. Nf3 e6 3. d4 cxd4 4. Nxd4 a6 5. Bd3 Nf6 6. O-O Qc7 7. c3 Nc6 8. h3
Bc5 9. Be3 Qb6 10. Nxc6 Bxe3 11. Nb4 Bf4 12. b3 h5 13. Nc2 g5 14. Qf3 Be5 15.
Qe3 Qxe3 16. Nxe3 b5 17. Rc1 Bb7 18. a4 b4 19. Nc4 Bf4 20. Re1 bxc3 21. g3 Bc7
22. Nxc3 h4 23. g4 Rb8 24. Rab1 Kf8 25. b4 d5 26. exd5 exd5 27. Nd2 Bf4 28. Nb3
Kg7 29. b5 Rhc8 30. Ne2 Bd6 31. bxa6 Bc6 32. Nbd4 Bxa4 33. Nf5+ Kf8 34. Nxd6
Rxb1 35. Rxb1 Rd8 36. a7 Bc6 37. Rb8 Ke7 38. Bb5 Ba8 39. Nc8+ 1-0

[Event "9. Lichtenberger Sommer"]
[Site "Berlin"]
[Date "2010.08.09"]
[Round "3.53"]
[White "Rudolph, Stephanie"]
[Black "Jaeger, Andre"]
[Result "0-1"]
[WhiteElo "1890"]
[BlackElo "2051"]
[PlyCount "47"]
[EventDate "2010.??.??"]
[WhiteTeam "SC Friesen Lichtenberg e.V."]
[BlackTeam "SC Rochade e.V."]

1. d4 Nf6 2. c4 d6 3. Nc3 Nbd7 4. e4 e5 5. Nf3 g6 6. Be2 Bg7 7. Be3 O-O 8. O-O
Qe7 9. Qc2 c6 10. Rad1 Re8 11. Nd2 exd4 12. Bxd4 Nc5 13. f3 Ne6 14. Bf2 Nh5 15.
Nb3 Nef4 16. Rfe1 Qg5 17. Bf1 Nh3+ 18. Kh1 Nxf2+ 19. Qxf2 Be5 20. g3 Nxg3+ 21.
hxg3 Bxg3 22. Qg2 Qh4+ 23. Kg1 Bxe1 24. Rxd6 0-1

[Event "9. Lichtenberger Sommer"]
[Site "Berlin"]
[Date "2010.08.09"]
[Round "3.54"]
[White "Schildt, René"]
[Black "Fuchs, Jörg"]
[Result "1-0"]
[WhiteElo "1973"]
[BlackElo "1873"]
[PlyCount "62"]
[EventDate "2010.??.??"]
[WhiteTeam "SC Zugzwang 95 e.V."]
[BlackTeam "SC Kreuzberg e.V."]

1. e4 e5 2. Nf3 d6 3. d4 exd4 4. Nxd4 Nf6 5. Nc3 Be7 6. Be2 O-O 7. g4 c5 8. Nf5
Nc6 9. Be3 Re8 10. Qd2 Bf8 11. f3 Be6 12. O-O-O Qa5 13. a3 Rad8 14. g5 Nd7 15.
Nxd6 Nde5 16. Nxe8 Rxd2 17. Rxd2 a6 18. Nd6 b5 19. Nb1 b4 20. f4 Ng4 21. Bxg4
Bxg4 22. f5 bxa3 23. Nxa3 Nb4 24. Ndc4 Qc7 25. Rf1 Qb7 26. Rf4 Bh5 27. Rd8 Na2+
28. Kb1 Nc3+ 29. Ka1 Qc7 30. Rxf8+ Kxf8 31. bxc3 Qe5 1-0

[Event "9. Lichtenberger Sommer"]
[Site "Berlin"]
[Date "2010.08.09"]
[Round "3.55"]
[White "Lange, Rudolf"]
[Black "Kühnemund, Lutz"]
[Result "1-0"]
[WhiteElo "1790"]
[BlackElo "2131"]
[PlyCount "55"]
[EventDate "2010.??.??"]
[WhiteTeam "SG Narva Berlin e.V."]
[BlackTeam "SC Friesen Lichtenberg e.V."]

1. e4 e6 2. b3 d5 3. Bb2 dxe4 4. Nc3 Nf6 5. Qe2 c5 6. Nxe4 Be7 7. Nf3 Nc6 8. g3
Nb4 9. d4 Nbd5 10. O-O-O Nxe4 11. Qxe4 Qa5 12. dxc5 Nc3 13. Bxc3 Qxc3 14. Bb5+
Kf8 15. Ne5 Bf6 16. f4 Qxc5 17. Bd7 Kg8 18. Qc4 Qa3+ 19. Kb1 Qf8 20. Rd3 g6 21.
Rhd1 h5 22. h4 Kg7 23. Rc3 Qd8 24. Rcd3 Qa5 25. Qe4 Rb8 26. Bxc8 Rbxc8 27. Rd7
Rhf8 28. Qxg6+ 1-0

[Event "9. Lichtenberger Sommer"]
[Site "Berlin"]
[Date "2010.08.09"]
[Round "3.56"]
[White "Ziems, Michael"]
[Black "Kötz, Andreas"]
[Result "0-1"]
[WhiteElo "1798"]
[BlackElo "2039"]
[PlyCount "134"]
[EventDate "2010.??.??"]
[WhiteTeam "SV Empor Berlin e.V."]
[BlackTeam "SC Zitadelle Spandau 1977 e.V."]

1. d4 Nf6 2. c4 g6 3. Nc3 Bg7 4. Nf3 d6 5. e4 O-O 6. Be2 e5 7. dxe5 dxe5 8.
Qxd8 Rxd8 9. Bg5 Nbd7 10. Nd5 c6 11. Nxf6+ Bxf6 12. Rd1 Re8 13. Be3 Nf8 14. O-O
Ne6 15. g3 Bg7 16. Rd2 c5 17. Bd3 b6 18. Ng5 Nd4 19. f4 f6 20. Nf3 Bb7 21. Bxd4
cxd4 22. fxe5 fxe5 23. b4 Rac8 24. Ng5 Bh6 25. h4 Rf8 26. Rdf2 Rxf2 27. Rxf2
Rf8 28. Rxf8+ Bxf8 29. b5 Bc8 30. Kf2 Kg7 31. Nf3 Kf6 32. Ng5 Kg7 33. Nf3 Bd6
34. Nh2 h6 35. Nf3 Be6 36. Nh2 Kf6 37. Nf3 g5 38. hxg5+ hxg5 39. Nh2 Ba3 40.
Ke2 Bc8 41. Kd2 a6 42. bxa6 Bxa6 43. Kc2 Bb4 44. Kd1 Bc8 45. Be2 Bd7 46. Bd3
Ke6 47. Nf3 Be7 48. Nd2 Kd6 49. Nb3 g4 50. Ke2 Bg5 51. Kd1 Kc6 52. Be2 Bc8 53.
Bd3 Be3 54. Ke2 Ba6 55. Na1 Kc5 56. Nc2 Bg5 57. Na3 Kb4 58. Nb5 Be3 59. a3+ Kb3
60. c5 Bxb5 61. Bxb5 bxc5 62. Kd3 Bf2 63. a4 Kb4 64. Bd7 c4+ 65. Kc2 Bxg3 66.
Bxg4 d3+ 67. Kb1 c3 0-1

[Event "9. Lichtenberger Sommer"]
[Site "Berlin"]
[Date "2010.08.09"]
[Round "3.57"]
[White "Kirchhof, Arno"]
[Black "Popp, Maximilian"]
[Result "1/2-1/2"]
[WhiteElo "2048"]
[BlackElo "1705"]
[PlyCount "101"]
[EventDate "2010.??.??"]
[WhiteTeam "SC Zugzwang 95 e.V."]
[BlackTeam "Spvgg 1946 e.V. Stetten"]

1. d4 e6 2. Nf3 Nf6 3. Bg5 c5 4. e3 Nc6 5. c3 cxd4 6. exd4 d5 7. Bd3 Bd6 8. O-O
Bd7 9. Nbd2 Qc7 10. Rc1 h6 11. Bh4 g5 12. Bg3 Nh5 13. c4 O-O-O 14. cxd5 exd5
15. Ne5 Nxg3 16. Nxc6 Bxc6 17. fxg3 h5 18. Bb5 Kb8 19. Bxc6 bxc6 20. Qa4 Rc8
21. Rf3 h4 22. Nf1 hxg3 23. Nxg3 Bxg3 24. Rxg3 Ka8 25. b4 Qf4 26. Rd1 Rh6 27.
Qb3 Rch8 28. h3 Re6 29. Rg4 Qf5 30. Rf1 Qg6 31. Qf3 f6 32. b5 Qe8 33. Rc1 Qd7
34. bxc6 Rxc6 35. Rf1 Rhc8 36. Qf5 Qd6 37. h4 gxh4 38. Rxh4 Rc1 39. Rh6 Rxf1+
40. Qxf1 Rf8 41. Qf5 Qc6 42. Rh7 Rd8 43. Qf4 Rd6 44. Qf5 Re6 45. Rh8+ Kb7 46.
Rh7+ Ka8 47. Rh8+ Kb7 48. Rh7+ Ka8 49. Qf4 Rd6 50. Qe3 Rd8 51. Qe7 1/2-1/2

[Event "9. Lichtenberger Sommer"]
[Site "Berlin"]
[Date "2010.08.09"]
[Round "3.58"]
[White "Karpa, Adrian"]
[Black "Lachmann, Daniel"]
[Result "1-0"]
[WhiteElo "1852"]
[BlackElo "1756"]
[PlyCount "65"]
[EventDate "2010.??.??"]
[WhiteTeam "SK Landau"]
[BlackTeam "SV Empor Berlin e.V."]

1. e4 c5 2. Nf3 d6 3. d4 cxd4 4. Nxd4 Nf6 5. Nc3 Nc6 6. Be2 g6 7. Be3 Bg7 8.
Qd2 O-O 9. O-O Ng4 10. Bxg4 Bxg4 11. f4 Bd7 12. Nxc6 bxc6 13. f5 Qc7 14. Rf3
Rab8 15. Rb1 Qa5 16. Bd4 Bxd4+ 17. Qxd4 Qb6 18. Ne2 Qxd4+ 19. Nxd4 c5 20. Ne2
Bc6 21. Ng3 Rb4 22. Re3 Rfb8 23. b3 Rd4 24. Kf2 Kg7 25. Ke1 Kf6 26. c3 Ra4 27.
Rb2 Ra3 28. Rf2 c4 29. fxg6+ Kxg6 30. Nf5 Bd7 31. Rg3+ Kf6 32. Nxd6+ Ke6 33.
Nxc4 1-0

[Event "9. Lichtenberger Sommer"]
[Site "Berlin"]
[Date "2010.08.09"]
[Round "3.59"]
[White "Mai, Andreas"]
[Black "Peters, Henning"]
[Result "0-1"]
[WhiteElo "1949"]
[BlackElo "1740"]
[PlyCount "84"]
[EventDate "2010.??.??"]
[WhiteTeam "SC Friesen Lichtenberg e.V."]
[BlackTeam "SV Bad Schwartau von 1930"]

1. e4 c5 2. Nf3 d6 3. d4 cxd4 4. Nxd4 e6 5. Nc3 Nf6 6. Bg5 h6 7. Bh4 a6 8. Be2
b5 9. a3 Bb7 10. Bxf6 Qxf6 11. O-O Qd8 12. f4 Qb6 13. Kh1 Be7 14. Bh5 O-O 15.
f5 e5 16. f6 Bxf6 17. Rxf6 exd4 18. Rxf7 Rxf7 19. Bxf7+ Kxf7 20. Qh5+ Kg8 21.
Nd5 Qd8 22. Rf1 Nd7 23. Qf7+ Kh8 24. Nf4 Nc5 25. Ng6+ Kh7 26. Nf8+ Qxf8 27.
Qxf8 Rxf8 28. Rxf8 Bxe4 29. Rf2 Na4 30. Rd2 Nxb2 31. Rxd4 d5 32. Kg1 Kg6 33. g3
Kf5 34. Rb4 Na4 35. h3 g5 36. Kf2 Bxc2 37. Ke3 Ke5 38. h4 Be4 39. hxg5 hxg5 40.
Rd4 Nb2 41. Rb4 Nc4+ 42. Kf2 Nxa3 0-1

[Event "9. Lichtenberger Sommer"]
[Site "Berlin"]
[Date "2010.08.09"]
[Round "3.60"]
[White "Bandsom, Olaf"]
[Black "Barwich, Andreas"]
[Result "0-1"]
[WhiteElo "1779"]
[BlackElo "1905"]
[PlyCount "86"]
[EventDate "2010.??.??"]
[WhiteTeam "SC Friesen Lichtenberg e.V."]
[BlackTeam "SV Berolina Mitte e.V."]

1. e4 c5 2. Nf3 Nc6 3. d4 cxd4 4. Nxd4 Nf6 5. Nc3 e5 6. Ndb5 d6 7. Bg5 a6 8.
Na3 Be7 9. Qd2 b5 10. Bxf6 Bxf6 11. Ne2 Be6 12. c3 O-O 13. Nc2 Qc7 14. Ng3 Rfd8
15. Bd3 Qe7 16. O-O Bg5 17. Qe2 Rab8 18. a4 bxa4 19. Rxa4 Rxb2 20. Rxa6 Nb8 21.
Raa1 g6 22. Qe1 Qc7 23. Ne2 Qc5 24. Rb1 Rxb1 25. Qxb1 Nd7 26. Qb4 Rb8 27. Qxc5
Nxc5 28. h4 Nxd3 29. Rd1 Rb2 30. hxg5 Rxc2 31. Rxd3 Rxe2 32. Rxd6 Re1+ 33. Kh2
Rxe4 34. f3 Rc4 35. Rd3 Kg7 36. Kg3 h6 37. gxh6+ Kxh6 38. Re3 Rc5 39. f4 exf4+
40. Kxf4 Kg7 41. Rd3 Kf8 42. g3 Ke7 43. Ke3 Rd5 0-1

[Event "9. Lichtenberger Sommer"]
[Site "Berlin"]
[Date "2010.08.09"]
[Round "3.61"]
[White "Schilke, Michael"]
[Black "Alvarez, Luis"]
[Result "1-0"]
[WhiteElo "1954"]
[BlackElo "1879"]
[PlyCount "73"]
[EventDate "2010.??.??"]
[WhiteTeam "SV Berolina Mitte e.V."]
[BlackTeam "Schachclub Zug um Zug Everswinke"]

1. d4 d5 2. c4 e6 3. g3 Nf6 4. Bg2 c6 5. Nf3 Nbd7 6. O-O Bd6 7. Qc2 O-O 8. Nbd2
Rb8 9. e4 dxe4 10. Nxe4 Nxe4 11. Qxe4 Nf6 12. Qe2 h6 13. Rd1 Re8 14. Ne5 Qe7
15. Bf4 Nd7 16. a3 Nxe5 17. dxe5 Bc7 18. b4 c5 19. b5 b6 20. Bc6 Rd8 21. Rxd8+
Bxd8 22. Rd1 Bc7 23. Rd3 Qf8 24. Qe4 Qe7 25. g4 Qh4 26. Bg3 Qe7 27. h4 g6 28.
Kg2 Kg7 29. Kh3 Kg8 30. Bf4 Bd8 31. Bg3 Bc7 32. Rd1 Kg7 33. f4 f5 34. Qf3 fxg4+
35. Kxg4 Qf7 36. Kh3 Bxe5 37. fxe5 1-0

[Event "9. Lichtenberger Sommer"]
[Site "Berlin"]
[Date "2010.08.09"]
[Round "3.62"]
[White "Schönemann, Manfred"]
[Black "Strobel, Norbert"]
[Result "0-1"]
[WhiteElo "1811"]
[BlackElo "1986"]
[PlyCount "177"]
[EventDate "2010.??.??"]
[WhiteTeam "SV Turbine Berlin e.V."]
[BlackTeam "SK Zirndorf e.V."]

1. d4 d5 2. c4 c6 3. e3 Nf6 4. Nc3 a6 5. a4 b6 6. b4 Bb7 7. Nf3 Nbd7 8. c5 b5
9. a5 Qc7 10. Be2 h5 11. Bb2 g6 12. Qc2 Bg7 13. Bd3 O-O-O 14. O-O-O e6 15. Rhe1
Ng4 16. h3 Nh6 17. Ng5 Rde8 18. Ne2 f6 19. Bxg6 fxg5 20. Bxe8 Rxe8 21. Qg6 Nf6
22. Qxg5 Qf7 23. Nf4 Nf5 24. g4 hxg4 25. hxg4 Bh6 26. Qg6 Qxg6 27. Nxg6 Nxg4
28. Re2 Rg8 29. Nf4 Kd7 30. Rg1 Rg5 31. Bc3 Ke7 32. Bd2 Nh4 33. Rg3 Nf6 34.
Rxg5 Bxg5 35. Nh3 Bh6 36. f4 Ne4 37. Be1 Nf5 38. Rg2 Nxe3 39. Rg8 Bf8 40. Rh8
Nf5 41. Rh7+ Bg7 42. Nf2 Nf6 43. Rh2 Nxd4 44. Nd3 Nf5 45. Ne5 Nd7 46. Nxd7 Kxd7
47. Rh7 Kc8 48. Kc2 Kb8 49. Kd3 Bc8 50. Bc3 d4 51. Rxg7 Nxg7 52. Bxd4 Nf5 53.
Be5+ Kb7 54. Ke4 Ne7 55. Bc3 Ng6 56. Bd2 Kc7 57. Bc3 Kd8 58. Bf6+ Ke8 59. Bg5
Kf7 60. Kd4 Ke8 61. Ke4 Ne7 62. Bh4 Bd7 63. Be1 Ng6 64. Bd2 Kd8 65. Bc1 Be8 66.
Bd2 Ne7 67. Be1 Kd7 68. Bd2 Bg6+ 69. Ke5 Bc2 70. Kd4 Nd5 71. Ke5 Ne7 72. Be3
Ng6+ 73. Kf6 Bf5 74. Kg5 Ke7 75. Bd4 Kf7 76. Bc3 Ne7 77. Be1 Nd5 78. Bd2 Bc2
79. Be1 Nf6 80. Kh4 Bd1 81. Bd2 Ne4 82. Bc1 Kf6 83. Be3 Kf5 84. Bc1 Nf6 85. Bd2
Nd5 86. Kg3 Ke4 87. Kf2 Nxf4 88. Bxf4 Kxf4 89. Ke1 0-1

[Event "9. Lichtenberger Sommer"]
[Site "Berlin"]
[Date "2010.08.09"]
[Round "3.63"]
[White "Ewald, Patrick"]
[Black "Rüther, Marc"]
[Result "1-0"]
[WhiteElo "1890"]
[BlackElo "1749"]
[PlyCount "63"]
[EventDate "2010.??.??"]
[WhiteTeam "vereinslos"]
[BlackTeam "Queer-Springer SSV Berlin"]

1. e4 c5 2. Nf3 Nc6 3. d3 d6 4. g3 g6 5. Bg2 Bg7 6. O-O e6 7. Nbd2 Nge7 8. c3
O-O 9. Re1 Bd7 10. Nb3 Na5 11. e5 Nxb3 12. axb3 dxe5 13. Nxe5 Nc6 14. Nxc6 Bxc6
15. Bxc6 bxc6 16. Be3 Qd6 17. Ra5 Rfd8 18. Rxc5 Bf8 19. Ra5 Rd7 20. Qf3 Qc7 21.
Ra6 Rd5 22. b4 Rxd3 23. Qxc6 Rc8 24. Qxc7 Rxc7 25. Rea1 Rdd7 26. Rxa7 Rxa7 27.
Bxa7 Rd2 28. Rb1 Bg7 29. b5 Rd7 30. Be3 Rb7 31. b6 Kf8 32. Ra1 1-0

[Event "9. Lichtenberger Sommer"]
[Site "Berlin"]
[Date "2010.08.09"]
[Round "3.64"]
[White "Engelhardt, Erhard"]
[Black "Krebs, Alexander"]
[Result "1/2-1/2"]
[WhiteElo "1799"]
[BlackElo "1884"]
[PlyCount "61"]
[EventDate "2010.??.??"]
[WhiteTeam "SSV Rotation Berlin e.V."]
[BlackTeam "Ueberstorf"]

1. f4 Nf6 2. Nf3 d5 3. e3 Nc6 4. Bb5 Bd7 5. b3 a6 6. Bxc6 Bxc6 7. Bb2 g6 8. Ne5
Bg7 9. Nxc6 bxc6 10. O-O O-O 11. Be5 c5 12. d3 d4 13. Bxf6 Bxf6 14. e4 Bg7 15.
Nd2 e6 16. Qe2 f5 17. e5 Re8 18. Rf2 Qb8 19. a3 a5 20. a4 Qb4 21. Nc4 Bf8 22.
Qf3 Ra6 23. Kh1 Qb8 24. Rg1 Qc8 25. h3 Be7 26. Kh2 Qa8 27. Qxa8 Raxa8 28. g3
Kf7 29. Nd2 h5 30. Nf3 Rg8 31. h4 1/2-1/2

[Event "9. Lichtenberger Sommer"]
[Site "Berlin"]
[Date "2010.08.09"]
[Round "3.65"]
[White "Grillich, Alexander"]
[Black "Schlittermann, Wolfgang"]
[Result "0-1"]
[WhiteElo "1994"]
[BlackElo "1683"]
[PlyCount "88"]
[EventDate "2010.??.??"]
[WhiteTeam "SC Rochade e.V."]
[BlackTeam "SK Gilette"]

1. e4 c5 2. Nf3 Nc6 3. Nc3 e6 4. Bb5 d6 5. O-O Bd7 6. Re1 a6 7. Bxc6 Bxc6 8. d4
cxd4 9. Nxd4 Nf6 10. Nxc6 bxc6 11. Qf3 Qc7 12. Bg5 Be7 13. e5 dxe5 14. Ne4 Nd5
15. Bxe7 Nxe7 16. Rad1 O-O 17. Nc5 Ng6 18. Rd7 Qa5 19. Qe3 Rab8 20. Red1 Qxa2
21. h4 Qxb2 22. h5 Nf4 23. h6 gxh6 24. Qg3+ Kh8 25. Qh4 Qxc2 26. Qf6+ Kg8 27.
Qxe5 Qf5 28. Qxf5 exf5 29. Nxa6 Rb6 30. Nc5 Re8 31. R7d6 Rb2 32. g3 Nh3+ 33.
Kg2 Nxf2 34. R1d2 Rxd2 35. Rxd2 Ne4 36. Rc2 Re5 37. Nd7 Rd5 38. Nb8 c5 39. Na6
h5 40. Kf3 Kg7 41. Nc7 Rd3+ 42. Kf4 Kg6 43. Na6 Rxg3 44. Nxc5 Rg4+ 0-1

[Event "9. Lichtenberger Sommer"]
[Site "Berlin"]
[Date "2010.08.09"]
[Round "3.66"]
[White "Rabiega, Robert"]
[Black "Ross, Chris N"]
[Result "1-0"]
[WhiteElo "2508"]
[BlackElo "2207"]
[PlyCount "81"]
[EventDate "2010.??.??"]
[WhiteTeam "SK König Tegel 1949 e.V."]
[BlackTeam "New England"]

1. e4 c5 2. c3 d5 3. exd5 Qxd5 4. d4 e6 5. Nf3 Nf6 6. a3 Nc6 7. Bd3 cxd4 8.
cxd4 Be7 9. Nc3 Qd6 10. O-O O-O 11. Be3 b6 12. Qe2 Bb7 13. Rad1 Rad8 14. Rfe1
Rfe8 15. Bg5 Qb8 16. Bb1 g6 17. g3 Nd5 18. Ba2 Kg7 19. Nxd5 Bxg5 20. Nxg5 exd5
21. Qf3 Rxe1+ 22. Rxe1 Qc7 23. Qc3 Qd7 24. h4 Qg4 25. b4 Rd7 26. Nf3 f6 27. Bb3
a6 28. Ba4 Rc7 29. b5 axb5 30. Bxb5 Qc8 31. Bxc6 Bxc6 32. Qb4 Qb7 33. h5 Rf7
34. Nh4 Qd7 35. Qxb6 g5 36. Ng2 Bb7 37. Ne3 Qh3 38. Qd8 Qe6 39. g4 Rd7 40. Nf5+
Qxf5 41. Re7+ 1-0

[Event "9. Lichtenberger Sommer"]
[Site "Berlin"]
[Date "2010.08.09"]
[Round "3.67"]
[White "Walter, Günter"]
[Black "Mohr, Horst"]
[Result "1-0"]
[WhiteElo "2017"]
[BlackElo "1798"]
[PlyCount "91"]
[EventDate "2010.??.??"]
[WhiteTeam "TSG Oberschöneweide e.V."]
[BlackTeam "SC Caissa Falkensee e.V."]

1. e4 c6 2. d4 d5 3. exd5 cxd5 4. c4 Nf6 5. Nc3 e6 6. Nf3 Be7 7. Bg5 h6 8. Be3
O-O 9. c5 b6 10. b4 bxc5 11. bxc5 Qa5 12. Rc1 Ne4 13. Qa4 Qxa4 14. Nxa4 Bd7 15.
Nc3 Nxc3 16. Rxc3 a6 17. Ra3 Nc6 18. Rxa6 Rxa6 19. Bxa6 Ra8 20. Bb5 Rxa2 21.
Bxc6 Bxc6 22. O-O f6 23. Rb1 Bd8 24. Bf4 g5 25. Bd6 g4 26. Ne1 Ba5 27. Nd3 Rd2
28. Nf4 Kf7 29. h4 Rxd4 30. Rb8 Rd1+ 31. Kh2 e5 32. Rf8+ Kg7 33. Nh5+ Kg6 34.
Nxf6 h5 35. Bxe5 Re1 36. Bd4 Rd1 37. Be5 d4 38. Nxg4 hxg4 39. Rf6+ Kh5 40. Rxc6
Kxh4 41. Bf4 g3+ 42. Bxg3+ Kg5 43. Ra6 Bd8 44. Rd6 Be7 45. Rd5+ Kg4 46. c6 1-0

[Event "9. Lichtenberger Sommer"]
[Site "Berlin"]
[Date "2010.08.09"]
[Round "3.68"]
[White "Hempel-Morgenstern, Markus"]
[Black "Bandlow, Matthias"]
[Result "1-0"]
[WhiteElo "1564"]
[BlackElo "2004"]
[PlyCount "63"]
[EventDate "2010.??.??"]
[WhiteTeam "SG Weißensee 49 e.V."]
[BlackTeam "SC Borussia Friedrichsfelde 1920"]

1. f4 d5 2. e3 e6 3. Nf3 Nf6 4. b3 Be7 5. Bb2 O-O 6. Be2 c5 7. O-O b6 8. Bd3
Bb7 9. Qe1 Ne4 10. Bxe4 dxe4 11. Qg3 Bf6 12. Ne5 Nd7 13. Na3 Nxe5 14. fxe5 Be7
15. Rad1 Qd7 16. c4 a6 17. Rf4 Rad8 18. Rg4 g6 19. Bc1 Qd3 20. Rf1 Kg7 21. Rgf4
Rd7 22. h4 h5 23. Qf2 Bd8 24. g4 g5 25. hxg5 Bxg5 26. Rf6 Bxf6 27. Qxf6+ Kh7
28. Kf2 Rh8 29. Rh1 Kg8 30. gxh5 Rh7 31. Rg1+ Kf8 32. Qg5 1-0

[Event "9. Lichtenberger Sommer"]
[Site "Berlin"]
[Date "2010.08.09"]
[Round "3.69"]
[White "Tolle, Gerd"]
[Black "Jachym, Adam"]
[Result "0-1"]
[WhiteElo "1500"]
[BlackElo "1835"]
[PlyCount "70"]
[EventDate "2010.??.??"]
[WhiteTeam "SV Gundeldingen"]
[BlackTeam "OKSZ Spolem Opole"]

1. e4 e5 2. Nf3 Nc6 3. Bb5 Nf6 4. O-O Nxe4 5. Re1 Nd6 6. Bxc6 dxc6 7. Rxe5+ Be7
8. d3 O-O 9. h3 Be6 10. Bd2 Bf6 11. Bg5 Bd5 12. Nbd2 Bxg5 13. Rxg5 f6 14. Rg4
c5 15. Nb3 b6 16. Qd2 Qd7 17. Nh2 Rae8 18. Re1 Rxe1+ 19. Qxe1 Re8 20. Qd2 Qe7
21. Kf1 Qe5 22. Nf3 Qxb2 23. c4 Qb1+ 24. Nc1 Be6 25. Rf4 Bf5 26. Ne1 Bg6 27. g4
c6 28. h4 h6 29. Rf3 b5 30. cxb5 cxb5 31. Qc3 c4 32. dxc4 Ne4 33. Qa3 Nd2+ 34.
Kg2 Rxe1 35. Rc3 b4 0-1

[Event "9. Lichtenberger Sommer"]
[Site "Berlin"]
[Date "2010.08.09"]
[Round "3.70"]
[White "Laurin, Dirk"]
[Black "Brauer, Thilo"]
[Result "0-1"]
[WhiteElo "1339"]
[BlackElo "1830"]
[PlyCount "92"]
[EventDate "2010.??.??"]
[WhiteTeam "SG Narva Berlin e.V."]
[BlackTeam "SC Friesen Lichtenberg e.V."]

1. e4 d6 2. d4 Nf6 3. Nc3 e5 4. dxe5 dxe5 5. Qxd8+ Kxd8 6. Bg5 c6 7. O-O-O+ Ke8
8. h3 Be6 9. a4 Nbd7 10. Be3 Bb4 11. Nge2 Ke7 12. f4 Rhd8 13. f5 Bc4 14. Bg5
Bxe2 15. Bxe2 Nc5 16. Bxf6+ Kxf6 17. Na2 a5 18. Rxd8 Rxd8 19. Nxb4 axb4 20. Bf3
Nxa4 21. h4 Rd4 22. Rd1 Nc5 23. g4 h6 24. c3 bxc3 25. bxc3 Rxd1+ 26. Kxd1 b5
27. Kc2 Ke7 28. Kb2 f6 29. Ka3 Kd6 30. h5 Nd3 31. Kb3 Kc5 32. Bd1 Kb6 33. Kc2
Nf2 34. Bf3 c5 35. Kb3 c4+ 36. Kb4 Nd3+ 37. Ka3 Kc5 38. Ka2 b4 39. cxb4+ Kxb4
40. Kb1 Kc3 41. Bd1 Kd2 42. Ba4 c3 43. Bb3 Nb4 44. g5 hxg5 45. h6 gxh6 46. Ka1
Nc2+ 0-1

[Event "9. Lichtenberger Sommer"]
[Site "Berlin"]
[Date "2010.08.09"]
[Round "3.72"]
[White "Bergmann, Jens"]
[Black "Schild, Reinhard"]
[Result "1-0"]
[WhiteElo "1949"]
[BlackElo "1696"]
[PlyCount "71"]
[EventDate "2010.??.??"]
[WhiteTeam "SK Tempelhof 1931 e.V."]
[BlackTeam "SG Weißensee 49 e.V."]

1. e4 c6 2. Nf3 d5 3. exd5 cxd5 4. Nc3 e6 5. Bb5+ Bd7 6. Qe2 a6 7. Bxd7+ Nxd7
8. Nxd5 Rc8 9. Nc3 Ngf6 10. O-O Qc7 11. d4 Bd6 12. h3 O-O 13. Ng5 e5 14. Be3
Rfe8 15. Qd3 Qc6 16. f3 exd4 17. Bxd4 Ne5 18. Qd1 Rcd8 19. Nce4 Nxe4 20. Nxe4
Bc7 21. c3 Bb6 22. Rc1 Bxd4+ 23. cxd4 Qb6 24. Qa4 Qxd4+ 25. Qxd4 Rxd4 26. Rc7
Rb4 27. b3 h6 28. Rd1 f5 29. Nc3 Kf8 30. Rd6 a5 31. Nd5 Rd4 32. f4 Nd3 33. Rdd7
Nxf4 34. Rf7+ Kg8 35. Rxg7+ Kh8 36. Rh7+ 1-0

[Event "9. Lichtenberger Sommer"]
[Site "Berlin"]
[Date "2010.08.09"]
[Round "3.73"]
[White "Koppitz, Sebastian"]
[Black "Barwich, Alfred"]
[Result "0-1"]
[WhiteElo "1059"]
[BlackElo "1909"]
[PlyCount "50"]
[EventDate "2010.??.??"]
[WhiteTeam "TSG Rot-Weiß Fredersdorf/Vogelsd"]
[BlackTeam "SV Berolina Mitte e.V."]

1. e4 c5 2. Nf3 d6 3. d4 cxd4 4. Nxd4 Nf6 5. Nc3 a6 6. f3 e5 7. Nb3 Be6 8. Nd5
Nxd5 9. exd5 Bf5 10. Bd3 Bxd3 11. Qxd3 Nd7 12. Be3 Rc8 13. c4 Qh4+ 14. Ke2 Qxc4
15. Qxc4 Rxc4 16. Rac1 Rxc1 17. Rxc1 Be7 18. Rc8+ Bd8 19. Bg5 f6 20. Bd2 O-O
21. Na5 Bxa5 22. Rxf8+ Kxf8 23. Bxa5 Ke7 24. Kd3 f5 25. Bc3 Nb6 0-1

[Event "9. Lichtenberger Sommer"]
[Site "Berlin"]
[Date "2010.08.09"]
[Round "3.74"]
[White "Mühlhan, Klaus"]
[Black "Hesselbarth, Karlheinz"]
[Result "1/2-1/2"]
[WhiteElo "1932"]
[BlackElo "1848"]
[PlyCount "98"]
[EventDate "2010.??.??"]
[WhiteTeam "SC Empor Potsdam 1952 e.V."]
[BlackTeam "SC Zugzwang 95 e.V."]

1. e4 e5 2. Nf3 Nc6 3. Bb5 a6 4. Ba4 d6 5. c3 f5 6. d3 fxe4 7. dxe4 Nf6 8. Qe2
Be6 9. Ng5 Bg8 10. b4 Be7 11. O-O h6 12. Nh3 g5 13. f3 Be6 14. Nf2 Qd7 15. Na3
Bf8 16. Be3 Bg7 17. Rad1 Qf7 18. c4 O-O 19. Nd3 Nd7 20. Bb3 Nb6 21. Bxb6 cxb6
22. Nb2 Nd4 23. Qf2 a5 24. Nb5 Rad8 25. bxa5 bxa5 26. Nc3 Rc8 27. Nd5 Bxd5 28.
cxd5 Qc7 29. Qd2 b5 30. Rb1 Qa7 31. Kh1 Rc7 32. Rfc1 Rfc8 33. Rxc7 Rxc7 34. Bd1
Kf7 35. Nd3 Rc4 36. g3 Qc7 37. f4 exf4 38. gxf4 Qe7 39. Bh5+ Kg8 40. Re1 Rc2
41. Qxa5 gxf4 42. Qa8+ Kh7 43. Nxf4 Rxh2+ 44. Kxh2 Qh4+ 45. Kg2 Qg5+ 46. Kh3
Qxf4 47. Qe8 Qg5 48. Rf1 Qe3+ 49. Rf3 Qg1 1/2-1/2